| 000 | 01154nam a2200301 a 4500 | ||
|---|---|---|---|
| 001 | 000034871 | ||
| 005 | 20240604194808.0 | ||
| 008 | 111020s1975 sp 000 0 spa d | ||
| 020 | _a8429711074 | ||
| 040 |
_aDO-SdBNP _bspa _cBNPHU |
||
| 082 |
_a301 _bF889t, 1975 |
||
| 100 | 1 |
_aFreund, Julien, _d1921- _960417 |
|
| 240 | 1 | 4 |
_aLes thèories des sciences humaines. _lespañol |
| 245 | 1 | 4 |
_aLas teorias de las ciencias humanas / _cJulien Freund ; traducción Jaume Fuster. |
| 260 |
_aBarcelona : _bEdiciones Península, _c1975. |
||
| 300 |
_a158 p. ; _c20 cm. |
||
| 490 | 1 |
_aHomo sociologicus _v5 |
|
| 500 | _aTraducido del francés. | ||
| 504 | _aIncluye referencias bibliográficas y notas al pie de las páginas. | ||
| 504 | _aBibliografía: p. 157-158. | ||
| 534 |
_aOriginalmente publicado: _cParís, Francia: Presses Universitaires de France, 1973. |
||
| 590 | _aPerteneció a la biblioteca personal de Juan Isidro Jimenes Grullón. | ||
| 650 | 0 |
_aSociología _91061 |
|
| 650 | 0 |
_aCiencias sociales _91065 |
|
| 700 | 1 |
_aFuster, Jaume, _etr. _947016 |
|
| 830 | 0 |
_aHomo sociologicus _v5 _951709 |
|
| 910 | _aValidado. Control de calidad BNPHU | ||
| 999 |
_c34362 _d34362 |
||